Quizzes
Events
Quiz Creation
Community
Videos
Private Events
Remove Ads
Sign In
Join for FREE
Feedback
Dark Mode
Quiz Categories
Sports
Geography
Music
Movies
Television
Just For Fun
Miscellaneous
History
Literature
Language
Science
Gaming
Entertainment
Religion
Holiday
For Kids
Quiz Lab
Recent
Popular Today
Quiz Kudos Today
Editor Picks
Curator Picks
Quizzes by...
Day
Popularity
Type
Ratings
Length
Year
Community
Subscriptions
Recent Discussions
Orange Saloon
Badges
Playlists
Quests
Create
Leaderboards
Showdown
Live 5
Trivia Bingo
Activity
Puzzle Library
Sporcle Events
Private Events
Virtual Trivia
Globe League
Become a Host
Pub Owners
SporcleCon
Opinionation
Our Games
Videos
Blog
Mobile Apps
Partnerships
Remove Ads and Go Orange
Feedback
Music
Pop Music
The Beatles
Song
Album
Lyrics
Bands
Singers
Artist
Clip
Rock
Rap
Classical
Billboard
Country Music
Kpop
Taylor Swift
Music
Pop Music
The Beatles
Song
Album
Lyrics
Bands
Singers
Artist
Clip
Rock
Rap
Classical
Billboard
Country Music
Kpop
Taylor Swift
Random Quiz
Search Sporcle
×
Quiz Lab
Quiz Lab
Music
tune
Type in answers that appear in a list
Type in answers that appear in a list
Classic
Best Score? Go Orange.
Name That Tune (Mariah Carey Advanced) Stats
Can you name that Mariah tune?
By
charliewilkin1
2m
20 Questions
124 Plays
124 Plays
124 Plays
Comments
Comments
Give Quiz Kudos
Give Quiz Kudos
-
- Ratings
hide this ad
Replay
Link that replays current quiz
Next Quiz
Link to next quiz in quiz playlist
You Got
0%
They Got
Avg Score
33%
Avg Friend Score
Upgrade to see
Score Distribution
Jump to the score distribution portion of the page
Score
0/20
Timer
02:00
0
Plays Today
Hint
Answer
% Correct
All the boys and girls, joy to the people
Joy To The World
66.9%
If you should ever find someone new, I
I'll Be There
63.7%
The kind of love that will last always, I need
Dreamlover
58.1%
He's all mine and his loving makes me
Loverboy
58.1%
Who's gonna love you when your bankroll
Clown
58.1%
And if I move closer and let it take over
Lead The Way
56.5%
Stay on your toes, get off the ropes, don't
Triumphant
51.6%
Our love would never end, how can I forget
You're Mine
34.7%
When you're looking into my eyes, you
Emotions
33.1%
Cause no one can deny this love I have
Endless Love
33.1%
Hint
Answer
% Correct
I told you twice I was only tryin' to be nice
Didn't Mean To Turn You On
31.5%
Through that door, cause time wasn't on
Never Forget You
25.8%
Won't you listen to the angels sing, glory
Jesus Oh What A Wonderful Child
21.8%
Turn me up a little higher, baby light my
Don't Stop
16.9%
Pulling on the reins, bells are ringing
Here Comes Santa Claus
15.3%
But uh oh, I can't resist him, just want to
Cruise Control
11.3%
We had something good but I should have
Up Out My Face
9.7%
And forever wonder why you had to break
Just To Hold You Once Again
8.9%
Oh that we could always see such spirit
Charlie Brown Christmas
7.3%
No one to make us sad, oh baby, you
Sweetheart
4%
Quiz Playlist
Details
Report
Send in Message
Add To Playlist
Classic:
Type in answers that appear in a list
Last Updated: Feb 16, 2017
Quiz Scoreboard
CHALLENGE
Sign Up to Join the Scoreboard
Show All
Scores
Hide
Comments
May contain spoilers
Recently Published
An Introduction to Baseball
by treessimontrees
Sports
5m
Movies - When Are They Set?
by FPL_Elf
Movies
5m
Popular People in 1961
by mucciniale
History
6m
More to Explore
Quiz From the Vault
Featured Blog Post
Where Did the Easter Bunny Come From?
hide this ad
You Might Also Like...
Tags
Advanced
Carey
mariah
tune
Today's Top Quizzes in Music
Browse Music
hide this ad
Today's Top Quizzes in tune
Browse tune
Top Contributed Quizzes in Music
1
Taylor Swift All Songs (2024)
2
Guess the Artist- 70s Songs
3
One Thing in Common: Music
4
KPOP LOGIC QUIZ
5
2010s Album by Cover III
6
Taylor Swift Logic Puzzle
7
Guess the Taylor Swift song (Mystery Song)
8
7-to-1: Billboard Hot 100 #1 Hits of 2010s
9
2010s Album by Cover IV
10
2010s Album by Cover V
Explore More
Trending Topics
Anime
Marvel
Harry Potter
Kpop
Disney
NBA
Crossword
WWE
The Office
Soccer
Pokémon
Song
Puzzle
Country
NFL
hide this ad
More By:
charliewilkin1
Quiz
Plays
Rating
Category
Featured
Created
Name That Tune (Mariah Carey Advanced)
124
5.00
Music
Feb 27, 2014
Go to Creator's Profile
Score Distribution
Quiz Creator Spotlight
charliewilkin1
Follow
Send a Message
Quizzes Created
-
Created Quiz Play Count
-
More By This Creator
Popular Quizzes Today
1
Find the Countries of Europe - No Outlines Minefield
2
Find the US States - No Outlines Minefield
3
The Countries of the World
4
Popular People in 1961
5
Find the US States
6
US States
7
1-10 Letter E Words III
8
Risky Map Clicking: Biggest States A-Z
More Music Quizzes
Kate Bush Body Parts Match
Quiz Lab
Trending Quizzes
Risky Map Clicking: Least Populous States A-Z
1-10 Letter F Words
1-10 Letter G Words
One Thing in Common: United Kingdom
Risky Map Clicking: Next State Alphabetically
Recently Updated
Leaping Animals
pecheneg
Reality TV Shows (A-Z)
bhenderson79
Rickey Henderson's Hall of Fame Teammates
pecheneg
Champions League XIs: Arsenal
pecheneg
Quick Pick: Celebrities in WWE's Hall of Fame
aduchscher
A-Z Keypad Blitz II
pecheneg
Multiple Oscar Actors
pecheneg
Mystery Phrase Blitz: Oscar 'Best Actors'
pecheneg
F. Scott Fitzgerald Novels
LTH
Pick 3 Villains
ddd62291
Trending Topics
Disney
Marvel
Kpop
NBA
Crossword
Anime
Harry Potter
Pokémon
NFL
Puzzle
Soccer
Song
WWE
The Office
Country
Your Account Isn't Verified!
In order to create a playlist on Sporcle, you need to verify the email address you used during registration. Go to your
Sporcle Settings
to finish the process.
Report this User
Report this user for behavior that violates our
Community Guidelines
.
Details:
Send Report
Go to the Sporcle.com Mobile Site →
Comments